| 000 | 00681cam a2200241 4500500 | ||
|---|---|---|---|
| 005 | 20260405003709.0 | ||
| 041 | _afre | ||
| 042 | _adc | ||
| 100 | 1 | 0 |
_aGherca, Stefania _eauthor |
| 245 | 0 | 0 | _aPourquoi aimons-nous regarder chez les autres ? |
| 260 | _c2023. | ||
| 500 | _a51 | ||
| 690 | _aAltérité | ||
| 690 | _aEmanuele Coccia | ||
| 690 | _aRegard | ||
| 690 | _aRousseau | ||
| 690 | _aVoisin | ||
| 690 | _aVoisinage | ||
| 690 | _aVoyeurisme | ||
| 690 | _aVue | ||
| 786 | 0 | _nPhilosophie magazine | 169 | 5 | 2023-05-01 | p. 48-48 | 1951-1787 | |
| 856 | 4 | 1 | _uhttps://shs.cairn.info/magazine-philosophie-magazine-2023-5-page-48?lang=fr&redirect-ssocas=7080 |
| 999 |
_c2069952 _d2069952 |
||